Cicero : (Record no. 1042)

000 -LEADER
fixed length control field 01756nam a22004457a 4500
001 - CONTROL NUMBER
control field 13265529
003 - CONTROL NUMBER IDENTIFIER
control field OSt
005 - DATE AND TIME OF LATEST TRANSACTION
control field 20210426121121.0
008 - FIXED-LENGTH DATA ELEMENTS--GENERAL INFORMATION
fixed length control field 030708r20032001nyuab b 001 0beng
010 ## - LIBRARY OF CONGRESS CONTROL NUMBER
LC control number 2003272026
020 ## - INTERNATIONAL STANDARD BOOK NUMBER
International Standard Book Number 037575895X
040 ## - CATALOGING SOURCE
Original cataloging agency DLC
Transcribing agency DLC
Modifying agency DLC
Language of cataloging eng
041 ## - LANGUAGE CODE
Language code of text/sound track or separate title eng
043 ## - GEOGRAPHIC AREA CODE
Geographic area code e------
-- ff-----
-- aw-----
050 00 - LIBRARY OF CONGRESS CALL NUMBER
Classification number DG260.C5
Item number E94 2003
080 ## - UNIVERSAL DECIMAL CLASSIFICATION NUMBER
Universal Decimal Classification number 92
Item number E-94
082 00 - DEWEY DECIMAL CLASSIFICATION NUMBER
Classification number 937/.05/092
-- B
Edition number 22
100 1# - MAIN ENTRY--PERSONAL NAME
Personal name Everitt, Anthony.
245 10 - TITLE STATEMENT
Title Cicero :
Remainder of title the life and times of Rome's greatest politician /
Statement of responsibility, etc. / by: Random House Trade Paperbacks
250 ## - EDITION STATEMENT
Edition statement Random House Trade paperback edition
260 ## - PUBLICATION, DISTRIBUTION, ETC.
Place of publication, distribution, etc. New York
Name of publisher, distributor, etc. Random House Trade Paperbacks
Date of publication, distribution, etc. 2003.
300 ## - PHYSICAL DESCRIPTION
Extent 364 p.
Other physical details ill., maps
Dimensions 21 cm.
365 ## - TRADE PRICE
Price amount 14.95 usd
500 ## - GENERAL NOTE
General note Originally published: John Murray Publishers, Great Britain, 2001.
500 ## - GENERAL NOTE
General note "A reader's guide": p. [361]-364.
504 ## - BIBLIOGRAPHY, ETC. NOTE
Bibliography, etc. note Includes bibliographical references (p. [327]-346) and index.
600 10 - SUBJECT ADDED ENTRY--PERSONAL NAME
Personal name Cicero, Marcus Tullius.
650 #0 - SUBJECT ADDED ENTRY--TOPICAL TERM
Topical term or geographic name entry element Statesmen
Geographic subdivision Rome
Form subdivision Biography.
650 #0 - SUBJECT ADDED ENTRY--TOPICAL TERM
Topical term or geographic name entry element Biography
9 (RLIN) 237
650 #0 - SUBJECT ADDED ENTRY--TOPICAL TERM
Topical term or geographic name entry element Orators
Geographic subdivision Rome
Form subdivision Biography.
651 #0 - SUBJECT ADDED ENTRY--GEOGRAPHIC NAME
Geographic name Rome
General subdivision Politics and government
Chronological subdivision 265-30 B.C.
653 ## - INDEX TERM--UNCONTROLLED
Uncontrolled term ბიოგრაფია
653 ## - INDEX TERM--UNCONTROLLED
Uncontrolled term რომი
856 42 - ELECTRONIC LOCATION AND ACCESS
Materials specified Contributor biographical information
Uniform Resource Identifier <a href="http://www.loc.gov/catdir/bios/random051/2003272026.html">http://www.loc.gov/catdir/bios/random051/2003272026.html</a>
856 41 - ELECTRONIC LOCATION AND ACCESS
Materials specified Sample text
Uniform Resource Identifier <a href="http://www.loc.gov/catdir/samples/random051/2003272026.html">http://www.loc.gov/catdir/samples/random051/2003272026.html</a>
856 42 - ELECTRONIC LOCATION AND ACCESS
Materials specified Publisher description
Uniform Resource Identifier <a href="http://www.loc.gov/catdir/description/random051/2003272026.html">http://www.loc.gov/catdir/description/random051/2003272026.html</a>
906 ## - LOCAL DATA ELEMENT F, LDF (RLIN)
a 7
b cbc
c origcop
d 2
e ncip
f 20
g y-gencatlg
942 ## - ADDED ENTRY ELEMENTS (KOHA)
Source of classification or shelving scheme
Koha item type Books
Holdings
Withdrawn status Lost status Source of classification or shelving scheme Damaged status Not for loan Permanent location Current location Date acquired Inventory number Total Checkouts Full call number Barcode Date last seen Price effective from Koha item type
          Ken Walker International University Ken Walker International University 01/28/2021 2535   92 E-94 2535 01/28/2021 01/28/2021 Books

Powered by Koha